000 00712nam a2200205 i 4500
001 90478
003 ES-MaACL
007 t|
008 050121s1936 sp ||||1| spa d
100 1 _aLenhartz, Hermann.
_971520
245 1 0 _aAnálisis clínicos /
_cHermann Lenhartz, Erich Meyer ; undécima ed. completada por A.V. Domarus y R. Seyderhelm ; traducción de Francisco Piñero.
250 _a2ª ed.
260 _aBarcelona :
_b[s.n.,
_c1936] (
_fTalls. Gráfs. Iberoamericanos)
300 _aXII, 367 p. ;
_c24 cm.
700 1 _aMeyer, Erich.
_980784
700 1 _aDomarus, A. V.
_945058
700 1 _aSeyderhelm, R.
_9105958
700 1 _aPiñero, Francisco.
_992274
852 _aES-MaACL
_jE-599
_bR.18272
999 _c90478
_d90478